| 000 | 02576cam a22003138i 4500 | ||
|---|---|---|---|
| 001 | 21425616 | ||
| 003 | EG-ScBUE | ||
| 005 | 20211216144539.0 | ||
| 008 | 200210s2020 enka f b 001 0 eng d | ||
| 020 | _a9780367134013 | ||
| 040 |
_aDLC _beng _erda _cDLC _dEG-ScBUE |
||
| 082 | 0 | 4 |
_a747.07 _bADA _222 |
| 100 | 1 |
_aAdams, Roderick, _eauthor. |
|
| 245 | 1 | 0 |
_aInterior design : _ba global profession / _cRoderick Adams. |
| 264 | 1 |
_aAbingdon, Oxon ; _aNew York : _bRoutledge, _c2020. |
|
| 300 |
_axv, 271 pages : _bcolor illustration ; _c30 cm |
||
| 336 |
_atext _btxt _2rdacontent |
||
| 337 |
_aunmediated _bn _2rdamedia |
||
| 338 |
_avolume _bnc _2rdacarrier |
||
| 504 | _aIncludes bibliographical references and index. | ||
| 520 |
_a"As the globe shrinks and the concept of distance diminishes, this text challenges the current status quo by identifying the cohesions and specialisations of design communities across the continents. It sets out an international spatial design landscape, identifying and contouring global design practice and design hotspots from a range of case studies, interviews and design practice perspectives. Using a range of interior environments, the chapters link the origins, trends and perceptions of the interior to create new insight into trans-global design. The book expands, but also coheres the interior design discipline to ensure the subject continues to grow, develop and influence the inhabitations of the world. The book features a wealth of pedagogical elements including: Beautifully designed with over 120 full colour illustrations, photographs and examples of design work maps and diagrams which highlight hotspots of design across the globe, providing strong graphic information interview panels featuring professional insights from designers across the globe 'Employability' boxes, providing a good tips guide for students gaining employment across the globe 'International Dimension' boxes which strengthen the scholarship of studying interior design in a globalised way Design Oddities' box which brings into focus any new or contextual facts that help contextualise the global interior"-- _cProvided by publisher. |
||
| 650 | 7 |
_aInterior decoration _xStudy and teaching. _2BUEsh _941532 |
|
| 653 |
_bART _cDecember2021 |
||
| 655 |
_vReading book _934232 |
||
| 776 | 0 | 8 |
_iOnline version: _aAdams, Roderick. _tInterior design _dAbingdon, Oxon ; New York : Routledge, 2020 _z9780429026225 _w(DLC) 2020004595 |
| 906 |
_a7 _bcbc _corignew _d1 _eecip _f20 _gy-gencatlg |
||
| 942 |
_2ddc _cBB |
||
| 999 |
_c29721 _d29692 |
||